| 000 | 00418nam a22001457a 4500 | ||
|---|---|---|---|
| 020 | _a 0072194251 | ||
| 082 | _a280 SCB | ||
| 100 |
_a Brown, Martin C _969317 |
||
| 245 | _aPerl [electronic resource] : the complete reference | ||
| 250 | _a 2nd ed. | ||
| 260 |
_a2001 _bOsborne/McGraw-Hill _cNew York |
||
| 300 |
_a1207 p. : _bill. 24 cm, xxxix |
||
| 650 |
_a Perl (Computer program language) _969318 |
||
| 942 | _cBK | ||
| 999 |
_c576658 _d576658 |
||